| 000 | 00949cam a22003257a 4500 | ||
|---|---|---|---|
| 001 | 000025073 | ||
| 003 | CHAP | ||
| 005 | 20220329134654.0 | ||
| 008 | 971013s1946 r 00010 d | ||
| 010 | _a24027 | ||
| 011 | _a24999 | ||
| 035 | _a29099 | ||
| 040 | _cCHAP | ||
| 082 | 0 | 4 |
_a002 _bI3 |
| 100 | 0 | 0 |
_aIguíniz, Juan B. _957366 |
| 245 | 1 | 3 |
_aEl libro : _bepítome de bibliología. |
| 260 |
_aMéxico, D.F. : _bPorrúa, _c1946. |
||
| 300 |
_a288 p. : _b: ilus. |
||
| 590 |
_aBATCH-UPD _b10 _c20130110 _lUCH01 _h0138 |
||
| 590 |
_aBATCH-UPD _b10 _c20130110 _lUCH01 _h2204 |
||
| 590 |
_aBATCH-UPD _b10 _c20130410 _lUCH01 _h1509 |
||
| 590 |
_aBATCH-UPD _b10 _c20130914 _lUCH01 _h1659 |
||
| 590 |
_aCONVERSION _b10 _c20130109 _lUCH01 _h1314 |
||
| 590 |
_aE5995AHE _b05 _c20150731 _lUCH01 _h1041 |
||
| 650 | 1 | 4 |
_aLibros _xHistoria. _966662 |
| 901 | _aBK | ||
| 942 | _cLIBRO | ||
| 942 | _n0 | ||
| 949 |
_a002 I3 _bBC _cB _d-67201 _eB _h52053 _i29099 _si _t500.00 |
||
| 999 |
_c24027 _d24027 |
||